Statistics for Hack the Quiz #8

Click here to take the quiz!

General Stats

  • This quiz has been taken 143 times
  • The average score is 28 of 32

Answer Stats

CipherWord% Correct
23What
97%
37What
97%
38is
97%
39to
96%
27What
95%
46Maori?
95%
91most
95%
28the
94%
45has
93%
89people
93%
92highest
93%
12language?
92%
73Everest?
92%
76indigenous
92%
82country's
92%
03is
91%
26range
91%
31Mount
91%
53What
91%
78common
91%
80the
91%
87are
91%
42the
90%
68home
90%
62population?
89%
21Turkish
87%
24Brazilian
85%
33city
79%
Himalayas
72%
Portuguese
71%
New Zealand
69%
Istanbul
67%

Score Distribution

Percentile by Number Answered

Percent of People with Each Score

Your Score History

You have not taken this quiz